000 00344nam a2200133Ia 4500
008 240624s9999 xx 000 0 und d
041 _aeng
082 _a658.81 BAG
100 _aBAGCHI SUBROTO
245 _aSELL THE ART THE SCIENCE THE WITCHCRAFT
260 _c2017
_aNew Delhi
_bHachette
300 _axiv, 244 p.; 19 cm.
365 _cRS
_b30
999 _c29583
_d29583